| 000 | 00517nam a2200205Ia 4500 | ||
|---|---|---|---|
| 003 | GCL | ||
| 008 | 140319s9999 xx 000 0 eng d | ||
| 040 |
_aGCL / _cGCL |
||
| 082 | 0 | 4 |
_aP _b332.1091761 _bJ J |
| 100 | 1 | _aIQBAL, ZULAIR | |
| 245 | 1 | 0 |
_aISLAMIC BANKING / _cIQBAL, ZULAIR |
| 700 | 1 | _aMIRAKHOR,ABBAS | |
| 260 |
_a[S.N] : _bINTERNATIONAL MONETARY FUND ، _c1987 |
||
| 300 | _a62 P | ||
| 650 | 0 | 4 | _aJAPAN |
| 650 | 0 | 4 | _aBANKS AND BANKING |
| 650 | 0 | 4 | _aPAKISTAN |
| 650 | 0 | 4 | _aBANKING LAW |
| 942 |
_2ddc _cCR |
||
| 999 |
_c25872 _d25872 |
||